Zespołu grające w europejskich pucharach sezon 24/25 - Statystyki

Ogólne statystyki
  • Ten quiz został rozwiązany 17 razy
  • Średni wynik to 56 z 108
Statystyki odpowiedzi
Rozgrywki Kraj Klubu Odpowiedź % Poprawnych
Liga Mistrzów Anglia Liverpool
100%
Liga Mistrzów Anglia Manchester City
100%
Liga Europy Anglia Manchester United
100%
Liga Mistrzów Anglia Aston Villa
93%
Liga Konferencji Anglia Chelsea
93%
Liga Konferencji Polska Jagiellonia Białystok
87%
Liga Konferencji Polska Legia Warszawa
87%
Liga Mistrzów Anglia Arsenal
80%
Liga Konferencji Dania FC Kopenhaga
80%
Liga Mistrzów Francja PSG
80%
Liga Mistrzów Austria RB Salzburg
80%
Liga Europy Anglia Tottenham
80%
Liga Europy Holandia Ajax
73%
Liga Mistrzów Hiszpania Barcelona
73%
Liga Mistrzów Niemcy Bayern Monachium
73%
Liga Mistrzów Belgia Club Brugge
73%
Liga Europy Portugalia FC Porto
73%
Liga Europy Turcja Galatasaray
73%
Liga Mistrzów Hiszpania Real Madryt
73%
Liga Europy Czechy Slavia Praga
73%
Liga Mistrzów Czechy Sparta Praga
73%
Liga Mistrzów Portugalia Sporting
73%
Liga Europy Belgia Anderlecht
67%
Liga Mistrzów Portugalia Benfica
67%
Liga Mistrzów Niemcy Borussia Dortmund
67%
Liga Mistrzów Chorwacja Dinamo Zagrzeb
67%
Liga Mistrzów Włochy Inter
67%
Liga Europy Francja Lyon
67%
Liga Mistrzów Włochy Milan
67%
Liga Mistrzów Niemcy RB Lipsk
67%
Liga Mistrzów Słowacja Slovan Bratysława
67%
Liga Mistrzów Włochy Atalanta
60%
Liga Mistrzów Hiszpania Atletico Madryt
60%
Liga Mistrzów Niemcy Bayer Leverkusen
60%
Liga Konferencji Hiszpania Betis
60%
Liga Mistrzów Francja Brest
60%
Liga Mistrzów Szkocja Celtic
60%
Liga Mistrzów Serbia Crvena zvezda
60%
Liga Europy Czechy FC Viktoria Pilzno
60%
Liga Europy Turcja Fenerbahce
60%
Liga Mistrzów Włochy Juventus
60%
Liga Mistrzów Holandia PSV
60%
Liga Europy Szkocja Rangers
60%
Liga Europy Włochy AS Roma
53%
Liga Europy Turcja Besiktas
53%
Liga Mistrzów Włochy Bologna
53%
Liga Europy Portugalia Braga
53%
Liga Europy Ukraina Dynamo Kijów
53%
Liga Europy Węgry Ferencvaros
53%
Liga Konferencji Włochy Fiorentina
53%
Liga Europy Włochy Lazio
53%
Liga Mistrzów Francja Lille
53%
Liga Konferencji Czechy Mlada Bolesław
53%
Liga Europy Francja Nice
53%
Liga Europy Grecja Olympiakos
53%
Liga Konferencji Austria SK Rapid
53%
Liga Mistrzów Austria Sturm Graz
53%
Liga Mistrzów Ukraina Szachtar Donieck
53%
Liga Konferencji Serbia TSC
53%
Liga Mistrzów Niemcy VfB Stuttgart
53%
Liga Mistrzów Szwajcaria Young Boys
53%
Liga Europy Holandia Alkmaar
47%
Liga Europy Norwegia Bodo/Glimt
47%
Liga Konferencji Białoruś Dynamo Mińsk
47%
Liga Mistrzów Holandia Feyenoord
47%
Liga Konferencji Belgia Gent
47%
Liga Konferencji Finlandia HJK
47%
Liga Europy Azerbejżan Karabach Agdam
47%
Liga Konferencji Cypr Omonia
47%
Liga Europy Grecja PAOK
47%
Liga Konferencji Irlandia Shamrock Rovers
47%
Liga Konferencji Cypr APOEL
40%
Liga Europy Hiszpania Athletic Bilbao
40%
Liga Konferencji Słowenia Celje
40%
Liga Konferencji Belgia Cercle Brugge
40%
Liga Europy Niemcy Eintracht Frankfurt
40%
Liga Europy Rumunia FCSB
40%
Liga Mistrzów Hiszpania Girona
40%
Liga Konferencji Niemcy Heidenheim
40%
Liga Konferencji Szwajcaria Lugano
40%
Liga Konferencji Norwegia Molde
40%
Liga Konferencji Grecja Panathinaikos
40%
Liga Europy Hiszpania Real Sociedad
40%
Liga Europy Niemcy TSG Hoffenheim
40%
Liga Konferencji Kazachstan FC Astana
33%
Liga Konferencji Portugalia Guimaraes
33%
Liga Konferencji Szkocja Hearts
33%
Liga Konferencji Austria LASK
33%
Liga Europy Dania Midtjylland
33%
Liga Mistrzów Francja Monaco
33%
Liga Konferencji Szwecja Djurgarden
27%
Liga Europy Szwecja Elfsborg
27%
Liga Europy Bułgaria Łudogorec Razgrad
27%
Liga Europy Szwecja Malmo FF
27%
Liga Konferencji Armenia Noah
27%
Liga Konferencji Słowenia Olimpija Ljubljana
27%
Liga Europy Łotwa RFS
27%
Liga Europy Holandia Twente
27%
Liga Konferencji Irlandia Północna Larne
20%
Liga Konferencji Cypr Pafos
20%
Liga Konferencji Mołdawia Petrocub
20%
Liga Konferencji Szwajcaria St. Gallen
20%
Liga Konferencji Walia TNS
20%
Liga Konferencji Bośnia i Hercegowina Borac Banja Luka
13%
Liga Europy Izrael Maccabi Tel Aviv
7%
Liga Konferencji Islandia Vikingur Reykjavik
7%
Liga Konferencji Turcja Besaksehir
0%
Liga Europy Belgia Royale Union SG
0%
Nie znaleziono quizów pasujących do podanych kryteriów
Rozkład punktacji
Procent ludzi z każdym wynikiem
Percentyl według liczby udzielonych odpowiedzi
Twoja historia wyników
Nie rozwiązałeś tego quizu